| 000 -LEADER |
| fixed length control field |
00863cam a2200205 a 4500 |
| 040 ## - CATALOGING SOURCE |
| Transcribing agency |
DLC |
| 082 ## - DEWEY DECIMAL CLASSIFICATION NUMBER |
| Classification number |
333 FAO 2021 C101 Or. |
| 245 00 - TITLE STATEMENT |
| Title |
Regional overview of food security in Latin America and the Caribbean with a focus on agricultural research, technology transfer and application / |
| 260 ## - PUBLICATION, DISTRIBUTION, ETC. (IMPRINT) |
| Place of publication |
San Jose, Costa Rica : |
| Name of publisher |
Inter-American Institute for Cooperation on Agriculture, |
| Year of publication |
1991. |
| 300 ## - PHYSICAL DESCRIPTION |
| Number of Pages |
viii, 100 p. : |
| Other physical details |
ill. ; |
| Dimensions |
28 cm. |
| 490 1# - SERIES STATEMENT |
| Series statement |
Reports, results and recommendations from technical events series, |
| 500 ## - GENERAL NOTE |
| General note |
"Program II: Technology Generation and Transfer." |
| 500 ## - GENERAL NOTE |
| General note |
"January 1991." |
| 650 #0 - SUBJECT ADDED ENTRY--TOPICAL TERM |
| Topical Term |
Food supply |
| 650 #0 - SUBJECT ADDED ENTRY--TOPICAL TERM |
| Topical Term |
Food supply |
| 650 #0 - SUBJECT ADDED ENTRY--TOPICAL TERM |
| Topical Term |
Agriculture |
| 650 #0 - SUBJECT ADDED ENTRY--TOPICAL TERM |
| Topical Term |
Agriculture |
| 710 2# - ADDED ENTRY--CORPORATE NAME |
| Corporate name or jurisdiction name as entry element |
Program II--Technology Generation and Transfer (Inter-American Institute for Cooperation on Agriculture) |
| 942 ## - ADDED ENTRY ELEMENTS (KOHA) |
| Koha item type |
ADB |
| 952 ## - LOCATION AND ITEM INFORMATION (KOHA) |
| Withdrawn status [LOCAL, KOHA] |
0 |